Niezapomniane Jedenastki #10: Borussia Dortmund 2010/2011 - Statystyki

Ogólne statystyki
  • Ten quiz został rozwiązany 145 razy
  • Średni wynik to 9 z 11
Statystyki odpowiedzi
Pozycja Kraj Zawodnik % Poprawnych
PS Polska Jakub Błaszczykowski
98%
PO Polska Łukasz Piszczek
98%
ŚO Niemcy Mats Hummels
90%
ŚO Serbia Neven Subotic
81%
BR Niemcy Roman Weidenfeller
81%
LO Niemcy Marcel Schmelzer
78%
ŚPO Niemcy Mario Gotze
78%
ŚPD Turcja Nuri Sahin
77%
N Paragwaj Lucas Barrios
67%
ŚPD Niemcy Sven Bender
52%
LS Niemcy Kevin Grosskreutz
51%
Nie znaleziono quizów pasujących do podanych kryteriów
Rozkład punktacji
Procent ludzi z każdym wynikiem
Percentyl według liczby udzielonych odpowiedzi
Twoja historia wyników
Nie rozwiązałeś tego quizu